000 00313nam a22001337a 4500
020 _a81-7478-541-8
082 _a920
_bSAN/I
100 _aSANDHYA ,R
245 _aTHE INFINITE MIND LIFE & TIMES OF J KRISHNAMURTI
260 _aCHENNAI
_bSURA BOOKS
300 _a80
650 _aBIOGRAPHY
_zCHENNAI
942 _cBK
999 _c6432
_d6432